000
00299nam a22001337a 4500
008
181001b xxu||||| |||| 00| 0 eng d
020
_a
0471022144
041
_a
eng
080
_2
3rd
_a
573
100
_a
11
101
_a
BIO
245
_a
Introductory Mycology
_c
Alexopoulos,C,J
942
_2
udc
_c
BK
999
_c
48750
_d
48750